000 00775nam a2200217 a 4500
001 000048783
005 20201002061415.0
008 190412s2016 dr 000 0 spa d
020 _a9788460879206
040 _aDO-SdBNP
_bspa
_cBNPHU
082 _axxx
_bS582r
100 1 _aSilfa Bor, Bernardo
_976237
245 1 0 _aReiteración del síndrome /
_cBernardo Silfa Bor.
260 _aEspaña :
_bSolenodonte
_bMínimas,
_c2016.
300 _a64 p. ;
_c21 cm.
490 1 _aEdiciones de ACUDEBI;
500 _aIncluye datos biografícos del autor en la solapa de la portada.
590 _aInventariado, 2019/ YL
500 _aLa Asociación Cultural y de Cooperación al Desarrollo de la Biblioteca República Dominicana (ACUDEBI).
830 0 _aEdiciones de ACUDEBI
_976232
999 _c48271
_d48271